00363nam a2200109Ia 4500008004100000082001500041100001700056245006200073942000600135952009700141999001500238240331s9999 xx 000 0 und d a303.6bSCI aNandy, A. ed 0aScience, hegemony and violence :ba requiem for modernity cL 001040708LaWERCLbWERCLcSSCd2024-03-31l0o 303.6 SCIp1266r2024-03-31w2024-03-31yL c1289d1289